El nogal: técnicas de cultivo para la producción frutal

সংরক্ষণ করুন:
গ্রন্থ-পঞ্জীর বিবরন
প্রধান লেখক: Muncharaz Pou, Manuel (autor)
বিন্যাস: গ্রন্থ
ভাষা:স্প্যানিশ
প্রকাশিত: Madrid Mundi Prensa 2000
বিষয়গুলি:
ট্যাগগুলো: ট্যাগ যুক্ত করুন
কোনো ট্যাগ নেই, প্রথমজন হিসাবে ট্যাগ করুন!

MARC

LEADER 00000nam a2200000 a 4500
001 UCI5226
003 CL-VaPUC
008 080314e20000000SP |||||||||||||||||spa|d
020 |a 8471149192 
082 0 4 |a 634.51  |b MUN  |2 21 
100 |a Muncharaz Pou, Manuel  |e autor  |9 586647 
245 1 3 |a El nogal: técnicas de cultivo para la producción frutal 
300 |a 299 p 
942 |c BK 
945 |d 20080314 00:00:00  |a jtorresc 
260 |a Madrid  |b Mundi Prensa  |c 2000 
650 0 |a Nogal (Juglans regia)  |9 264620 
650 0 |a Cultivo  |9 264268 
650 0 |a Polinización  |9 259680 
650 0 |a Fertilización   |9 259681 
650 0 |a Control de plagas  |9 327373 
650 0 |a Productividad   |9 335972 
650 0 |a Fruticultura  |9 259678 
650 0 |a Producción agrícola  |9 353481 
583 |a last modification  |c 20080314 00:00:00  |k Rodrigo Vera 
999 |c 328989  |d 328987 
952 |0 0  |1 1  |2 ddc  |4 0  |6 634_510000000000000_MUN_2000  |7 0  |8 A  |9 413224  |a BIBAGR  |b BIBAGR  |d 2019-11-22  |i 441487K  |l 2  |o 634.51 MUN 2000  |p 441487K  |r 2022-04-18  |s 2022-04-08  |w 2019-11-22  |y BK  |k AGR